| 000 | 00508nam a22001697a 4500 | ||
|---|---|---|---|
| 999 |
_c9887 _d9887 |
||
| 003 | GBCCL | ||
| 005 | 20241126110721.0 | ||
| 008 | 230818b ||||| |||| 00| 0 eng d | ||
| 020 | _a9627415014 | ||
| 040 | _cGBC | ||
| 082 |
_a262.1 _bKRA |
||
| 100 |
_aKrallmann, Günter _917194 |
||
| 245 |
_a Leading with Jesus : _ba handbook on qualifications for spiritual leadership for individual and group study / _cGünter Krallmann |
||
| 260 |
_aHong Kong : _bYWAM, _c©1989 |
||
| 300 | _a103p. ; | ||
| 942 |
_2ddc _cBK |
||